Statistiques concernant Pays les plus touchés par des tsunamis depuis 1700

Cliquez ici pour prendre le quiz!

Statistiques générales

  • Ce quiz a été pris 90 fois
  • Le résultat moyen est 7 sur 13

Statistiques - réponses

Hauteur de la plus grande vague en mètresNombre de foisPays touché(s)% Correct
85,49Japon
97%
151Etats-Unis
94%
306Indonésie
91%
101Chine
87%
151Canada
79%
252Chili
76%
602Russie
72%
18,31Portugal
36%
162Italie
33%
601Alaska
14%
22,351Samoa
12%
151Nouvelle-Guinée
8%
101Nicaragua
5%

Distribution des résultats

Percentile par nombre de réponses

% des personnes avec chaque résultat

Votre développement - résultats

Vous n’avez pas pris ce quiz